Loading...

Assukariyya /

Bibliographic Details
Main Author: Mahfoos, Najeeb
Format: Printed Book
Language:Arabic
Published: Qairo: Daru Shorouk, 2012
Edition:ed. 5
Subjects:
LEADER 00607 a2200193 4500
008 130826b xxu||||| |||| 00| 0 ara d
020 |a 9789770930847 
082 |a 892.735M1 
100 |a Mahfoos, Najeeb 
245 |a Assukariyya /  |c Najeeb Mahfoos 
250 |a ed. 5 
260 |a Qairo:  |b Daru Shorouk,  |c 2012 
300 |a 405p. ;  |c 22 cm. 
546 |a in Arabic 
650 |a Arabic Fiction 
942 |2 ddc  |c BK 
600 |a Mahfoos, Najeeb 
999 |c 100057  |d 100057 
952 |0 0  |1 0  |4 0  |6 892_000000000000000_735M1_ASS  |7 0  |9 99485  |a UL  |b UL  |c REF  |d 2013-02-28  |e 2  |g 880.00  |l 0  |o 892.735M1 ASS  |p 88862  |r 2013-07-01  |v 1100.00  |y TXT